[Event "Women-Veterans"]
[Site "Vienna"]
[Date "1993.??.??"]
[Round "?"]
[White "Polgar, Sofia"]
[Black "Dueckstein, Andreas"]
[Result "1-0"]
[WhiteElo "2415"]
[BlackElo "2350"]

1.e4 e6 2.d4 d5 3.Nc3 Bb4 4.e5 c5 5.a3 Ba5 6.b4 cxd4 7.bxa5 dxc3 8.Qg4 Ne7
9.Qxg7 Rg8 10.Qxh7 Nbc6 11.Nf3 Qxa5 12.Ng5 Nxe5 13.f4 Rxg5 14.fxg5 N7g6 15.Qg8+ Nf8
16.Be3 Bd7 17.Bd4 Qa4 18.Bxe5 Qe4+ 19.Be2 Qxe5 20.O-O Qe3+ 21.Kh1 O-O-O 22.Rxf7 Ng6
23.Qxg6 Qxe2 24.Qf6 d4 25.Qxd4 Bc6 26.Rf2 Qh5 27.Qxc3 Rd1+ 28.Rf1 Qe2 29.Qxc6+ bxc6
30.Raxd1 Qxc2 31.Rde1 Qg6 32.Re5 Kd7 33.h3 Qd3 34.Rfe1 Qg6 35.Kh2 Kc7 36.h4  1-0

[Event "Bled op"]
[Site "Bled"]
[Date "1994.??.??"]
[Round "?"]
[White "Polgar, Sofia"]
[Black "Gostisa, Leon"]
[Result "1/2-1/2"]
[WhiteElo "2450"]
[BlackElo "2410"]

1.e4 c5 2.Nf3 Nc6 3.d4 cxd4 4.Nxd4 e5 5.Nb5 d6 6.N1c3 a6 7.Na3 b5 8.Nd5 Be7
9.g3 Be6 10.Bg2 Rc8 11.O-O b4 12.Nc4 Bxd5 13.exd5 Nd4 14.b3 Nf6 15.Bd2 Rb8
16.a3 bxa3 17.Rxa3 Qc8 18.Be3 Nb5 19.Ra1 Bd8 20.Qd2 O-O 21.Ra2 Ng4 22.Bh3 f5
23.Bxg4 fxg4 24.Rfa1 Ra8 25.Qb4 Bc7 26.Nd2 h6 27.Qc4 Qb7 28.Qxg4 Nc3 29.Bxh6 Bb6
30.Rxa6 Rxa6 31.Rxa6 Bxf2+ 32.Kg2 Be3 33.Bxe3 Qxa6 34.Qe6+ Kh8 35.Qh3+ Kg8
36.Qe6+ Kh8 37.Qh3+  1/2-1/2

[Event "Bled op"]
[Site "Bled"]
[Date "1994.??.??"]
[Round "?"]
[White "Licina, Anita"]
[Black "Polgar, Sofia"]
[Result "0-1"]
[WhiteElo "2125"]
[BlackElo "2450"]

1.e4 e5 2.Nf3 Nc6 3.Nc3 Nf6 4.d4 exd4 5.Nxd4 Bb4 6.Nxc6 bxc6 7.Bd3 O-O 8.O-O d5
9.exd5 cxd5 10.Bg5 c6 11.Na4 Be6 12.Rc1 Be7 13.c4 d4 14.b3 Qc7 15.Bh4 Ng4
16.Bg3 Bd6 17.Re1 Bxg3 18.hxg3 c5 19.Rxe6 Nxf2 20.Bxh7+ Kxh7 21.Qh5+ Kg8
22.Re2 Nd3 23.Rd1 Qxg3 24.Qf3 Nf4 25.Re4 Qxf3 26.gxf3 Ne6 27.Re5 Rac8 28.Rde1 g6
29.Rd5 Rfd8 30.Ree5 Nf4 31.Rxc5 Rxc5 32.Rxc5 d3 33.Nc3 d2 34.Nd1 Re8 35.Kh2 Re1  0-1

[Event "Bled op"]
[Site "Bled"]
[Date "1994.??.??"]
[Round "?"]
[White "Polgar, Sofia"]
[Black "Tratar, Marko"]
[Result "1-0"]
[WhiteElo "2450"]
[BlackElo "2380"]

1.e4 c5 2.Nf3 d6 3.d4 cxd4 4.Nxd4 Nf6 5.Nc3 e6 6.g4 Nc6 7.g5 Nd7 8.Be3 a6
9.Qd2 Nde5 10.Be2 Nxd4 11.Bxd4 Nc6 12.Be3 Be7 13.O-O-O b5 14.h4 Qa5 15.Nb1 Nb4
16.Na3 Bb7 17.f3 Rc8 18.Kb1 O-O 19.c3 Nc6 20.Nc2 Ne5 21.h5 Qc7 22.Nd4 d5
23.g6 dxe4 24.h6 Nxg6 25.hxg7 Rfd8 26.f4 b4 27.cxb4 Rxd4 28.Bxd4 e3 29.Qxe3 Bxh1
30.Rxh1 Bd6 31.Bd3 Qc6 32.Qh3  1-0

[Event "Bled op"]
[Site "Bled"]
[Date "1994.??.??"]
[Round "?"]
[White "Polgar, Sofia"]
[Black "Prestrl, Jozef"]
[Result "1-0"]
[WhiteElo "2450"]
[BlackElo "2150"]

1.e4 c6 2.d4 d5 3.exd5 cxd5 4.c4 Nf6 5.Nc3 e6 6.Nf3 dxc4 7.Bxc4 Be7 8.O-O O-O
9.a3 a6 10.Ba2 b5 11.Bg5 Bb7 12.Qe2 Bxf3 13.Qxf3 Nbd7 14.Rad1 Qb6 15.d5 exd5
16.Nxd5 Nxd5 17.Bxe7 Nxe7 18.Rxd7 Ra7 19.Rfd1 Ng6 20.Bxf7+ Kh8 21.Rxa7 Qxa7
22.Bxg6 Qc5 23.b4 Qe7 24.Qh3 h6 25.Qe3  1-0

[Event "Bled op"]
[Site "Bled"]
[Date "1994.??.??"]
[Round "?"]
[White "Vospernik, Zdravko"]
[Black "Polgar, Sofia"]
[Result "1-0"]
[WhiteElo "2180"]
[BlackElo "2450"]

1.c4 e5 2.Nf3 e4 3.Nd4 Nc6 4.Nc2 d5 5.cxd5 Qxd5 6.Nc3 Qe5 7.d4 exd3 8.Qxd3 Nf6
9.e4 Bf5 10.f3 Bc5 11.Be3 Bxe3 12.Qxe3 Be6 13.Bb5 O-O 14.Bxc6 bxc6 15.O-O Qh5
16.Nd4 Bd7 17.Nb3 Qe5 18.Nc5 Bc8 19.Rad1 Re8 20.Rfe1 Nh5 21.Nd3 Qe6 22.Rd2 f5
23.Qg5 Nf6 24.e5 Nd7 25.Nf4 Qc4 26.Nh5 Qc5+ 27.Kh1 Qe7 28.Qg3 Kh8 29.Nf4 Nf8
30.h4 Ne6 31.Nxe6 Bxe6 32.Red1 Rab8 33.b3 Qf7 34.Ne2 Re7 35.Nf4 Rbe8 36.h5 Kg8
37.Ng6 Rd7 38.Nf4 Rxd2 39.Rxd2 Bc8 40.h6 Kf8 41.Qxg7+ Qxg7 42.hxg7+ Kxg7
43.Rc2 Rxe5 44.Rxc6 Re7 45.Nd5 Rd7 46.Rxc7 Rxc7 47.Nxc7 Kf6 48.f4 Ke7 49.Nb5 a5
50.a3 Ke6 51.Nc3 Bb7 52.Kh2 Kd6 53.b4 axb4 54.axb4 Ba8 55.Kh3 Bb7 56.g3 Bf3
57.Kh4 h6 58.Kh3 Kc6 59.Kh2 Kd6 60.Kg1 Bc6 61.Kf2 Bd7 62.Ke3 Be6 63.Kd4 Bf7
64.Nd1 Ba2 65.Ne3 Be6 66.b5 Bd7 67.Nc4+ Kc7 68.Kc5  1-0

[Event "Bled op"]
[Site "Bled"]
[Date "1994.??.??"]
[Round "?"]
[White "Polgar, Sofia"]
[Black "Crepan, Marjan"]
[Result "1-0"]
[WhiteElo "2450"]
[BlackElo "2300"]

1.e4 e5 2.Nf3 Nc6 3.Bb5 Bc5 4.O-O Nge7 5.Nxe5 Nxe5 6.d4 c6 7.Be2 Bd6 8.dxe5 Bxe5
9.Bd3 O-O 10.Qh5 d6 11.Kh1 f5 12.f4 fxe4 13.Bc4+ d5 14.Qxe5 dxc4 15.Nc3 Nd5
16.Nxe4 Re8 17.Qd4 Nb6 18.Nd6 Re6 19.Rd1 Qe7 20.h3 Nd5 21.Nxc8 Rxc8 22.Qxc4 Re4
23.Qd3 Re8 24.Rf1 Re2 25.Bd2 Qh4 26.Rad1 Nf6 27.Kg1 h6 28.Rf3 b5 29.Bc3 R8e4
30.Rg3 Nh5 31.Qd8+ Qxd8 32.Rxd8+ Re8 33.Rxe8+ Rxe8 34.Rg6 Re7 35.f5 Nf4 36.Rxc6 Re2
37.Kf1 Rxg2 38.f6 gxf6 39.Rxf6 b4 40.Rxf4 Rxc2 41.Bxb4  1-0

[Event "Bled op"]
[Site "Bled"]
[Date "1994.??.??"]
[Round "?"]
[White "Cander, Mitja"]
[Black "Polgar, Sofia"]
[Result "0-1"]
[WhiteElo "2265"]
[BlackElo "2450"]

1.d4 Nf6 2.Nf3 d5 3.Bg5 c5 4.e3 Qb6 5.Qc1 Nc6 6.c3 Bf5 7.Nh4 Bd7 8.Nf3 e6
9.Bd3 Be7 10.Nbd2 h6 11.Bh4 Rc8 12.Qb1 O-O 13.Ne5 Be8 14.O-O g5 15.Bg3 Nh5
16.Nxc6 Qxc6 17.Qd1 f6 18.f4 Nxg3 19.hxg3 Qd6 20.Qg4 f5 21.Qh3 g4 22.Qh2 c4
23.Bc2 b5 24.a3 Kg7 25.Kf2 a5 26.Rh1 h5 27.Qg1 Bg6 28.Qc1 Rc7 29.Ke2 Rb8
30.Bd1 Be8 31.Ra2 b4 32.Kf2 Rcb7 33.Ke2 Qd8 34.Kf2 bxa3 35.bxa3 a4 36.Bc2 Rb6
37.Qa1 Rb3 38.Bxb3 cxb3 39.Rb2 Qd6 40.Nb1 Qb6 41.Rc1 Bb5 42.Rd1 Bc4 43.Nd2 Bd3
44.Nb1 Be4 45.Nd2 Bd3 46.Nb1 Bc2 47.Rc1 Qd6 48.Rbxc2 bxc2 49.Rxc2 Rb3 50.Ra2 Qc7
51.Rb2 Qb7 52.Rxb3 Qxb3 53.Nd2 Qxa3 54.Qxa3 Bxa3 55.Ke2 Bb2 56.Kd3 Kf8 57.Kc2 a3
58.Nb3 Ke7 59.Nc5 Kd6 60.Na4 Kc6 61.Nxb2 a2  0-1

[Event "Las Palmas-B"]
[Site "Las Palmas"]
[Date "1994.??.??"]
[Round "1"]
[White "Polgar, Sofia"]
[Black "Castellano, Jose"]
[Result "1-0"]
[WhiteElo "2450"]
[BlackElo "2215"]

1.e4 c5 2.Nf3 Nc6 3.d4 cxd4 4.Nxd4 Nf6 5.Nc3 d6 6.Bg5 e6 7.Bb5 Bd7 8.Bxc6 bxc6
9.Qf3 Rc8 10.O-O-O Be7 11.Nde2 Qc7 12.Ng3 h6 13.Bxf6 Bxf6 14.Nh5 Be5 15.Rd3 O-O
16.Qe3 Qa5 17.g4 Rb8 18.a3 c5 19.f4 Bd4 20.Qd2 e5 21.f5 Qb6 22.b3 c4 23.Nd5 Qa6
24.Nhf6+ Kh8 25.Rh3  1-0

[Event "Las Palmas-B"]
[Site "Las Palmas"]
[Date "1994.??.??"]
[Round "3"]
[White "Polgar, Sofia"]
[Black "Ochoa de Echaguen, F Javier"]
[Result "1-0"]
[WhiteElo "2450"]
[BlackElo "2450"]

1.e4 c5 2.Nf3 Nc6 3.d4 cxd4 4.Nxd4 Nf6 5.Nc3 e5 6.Ndb5 d6 7.Bg5 a6 8.Na3 b5
9.Nd5 Be7 10.Bxf6 Bxf6 11.c3 Bb7 12.Nc2 Nb8 13.g3 Nd7 14.h4 O-O 15.Nce3 g6
16.h5 Bg5 17.hxg6 fxg6 18.Bg2 Nf6 19.Qd3 Bxe3 20.Nxe3 Qe7 21.O-O Bc6 22.a4 Kg7
23.axb5 axb5 24.Nc2 Rfd8 25.Nb4 Qb7 26.Rxa8 Qxa8 27.Nxc6 Qxc6 28.Ra1 Rd7
29.Bf1 Nxe4 30.Qxb5 Qc7 31.Bg2 Nf6 32.c4 Rf7 33.b4 Qe7 34.Qb6 Nd7 35.Qc6 Qf6
36.Ra2 Nb8 37.Qd5 Nd7 38.Rd2 Qf5 39.Qxd6 Nf6 40.Qd3 Qh5 41.b5 Qg4 42.Qc3 Qf5
43.Re2 Re7 44.Qb4 Rd7 45.b6 Ng4 46.Rd2 Rd4 47.Qb2 Rxd2 48.Qxd2 Qb1+ 49.Bf1 h5
50.c5 e4 51.Qd4+ Kh7 52.Qd7+ Kh6 53.Qd2+ Kh7 54.Qe2 Qb4 55.Qc4 Qe1 56.Qe2 Qb4
57.Qc4 Qe1 58.Qf7+ Kh6 59.Qf8+ Kh7 60.Qf7+ Kh6 61.b7 e3 62.Kg2 exf2 63.Qf4+ g5
64.Qf8+  1-0

[Event "Las Palmas-B"]
[Site "Las Palmas"]
[Date "1994.??.??"]
[Round "4"]
[White "Garcia Padron, J."]
[Black "Polgar, Sofia"]
[Result "0-1"]
[WhiteElo "2435"]
[BlackElo "2450"]

1.b3 d5 2.Bb2 c6 3.e3 Bf5 4.Nf3 e6 5.c4 Nd7 6.Be2 h6 7.O-O Ngf6 8.Nc3 Bd6
9.cxd5 exd5 10.d3 O-O 11.Qd2 Bh7 12.Rfc1 Qe7 13.a3 a5 14.Bd1 Ng4 15.g3 f5
16.Be2 Nc5 17.Nd4 Be5 18.Bd1 Rae8 19.Na4 Nxd3 20.Qxd3 f4 21.Qe2 Nxf2 22.Qxf2 fxg3
23.Qg2 gxh2+ 24.Kh1 Bxd4 25.Bc2 Bxc2 26.Rxc2 Bxb2 27.Nxb2 Qxe3 28.b4 Re5
29.Rf1 Ref5 30.Rxf5 Rxf5 31.Re2 Qc1+  0-1

[Event "Las Palmas-B"]
[Site "Las Palmas"]
[Date "1994.??.??"]
[Round "5"]
[White "Polgar, Sofia"]
[Black "Ubilava, Elizbar"]
[Result "0-1"]
[WhiteElo "2450"]
[BlackElo "2535"]

1.e4 c5 2.Nf3 d6 3.d4 cxd4 4.Qxd4 Nc6 5.Bb5 Bd7 6.Bxc6 Bxc6 7.Nc3 h6 8.Be3 Nf6
9.h3 e6 10.O-O-O Be7 11.g4 Qb6 12.Qd3 Qa6 13.Nd4 Qxd3 14.cxd3 Kd7 15.Nxc6 bxc6
16.f4 Bd8 17.e5 Nd5 18.Nxd5 cxd5 19.Kb1 dxe5 20.fxe5 f6 21.Bd4 Bb6 22.Bxb6 axb6
23.exf6 gxf6 24.Rhf1 Raf8 25.Rf4 h5 26.Rdf1 hxg4 27.hxg4 Rh4 28.Rb4 f5 29.Rbf4 Ke7
30.gxf5 Rxf4 31.Rxf4 exf5 32.Kc2 Kd6 33.Kd2 Ke5 34.Rb4 Rf6 35.Ke3 f4+ 36.Kf3 Rh6
37.d4+ Kf5 38.Rb5 Rh3+ 39.Kg2 Kg4 40.Rxb6 Rd3 41.Rg6+ Kf5 42.Rb6 Ke4 43.a4 Rxd4
44.a5 Ra4 45.a6 d4 46.Re6+ Kd5 47.Rh6 d3 48.Kf2 Ra1 49.Rh8 Rxa6 50.Ke1 Rb6
51.Kd2 Rb3 52.Re8 Kd4 53.Rd8+ Ke4 54.Re8+ Kf3 55.Rf8 Kg3 56.Rf7 f3 57.Rf8 f2  0-1

[Event "Las Palmas-B"]
[Site "Las Palmas"]
[Date "1994.??.??"]
[Round "6"]
[White "Polgar, Sofia"]
[Black "Brito, Alfredo"]
[Result "1-0"]
[WhiteElo "2450"]
[BlackElo "2325"]

1.e4 e5 2.Nf3 Nc6 3.Bb5 a6 4.Ba4 Nf6 5.O-O Be7 6.Re1 b5 7.Bb3 d6 8.c3 O-O
9.h3 Bb7 10.d4 Re8 11.Nbd2 Bf8 12.a4 h6 13.d5 Ne7 14.Nh2 Ng6 15.Ndf1 c6 16.dxc6 Bxc6
17.Ng4 bxa4 18.Bxa4 Bxa4 19.Rxa4 Nd7 20.Ra1 Nf4 21.Be3 Qb8 22.Nxh6+ gxh6
23.Qg4+ Bg7 24.Qxd7 Re6 25.b4 Qe8 26.Qxe8+ Rexe8 27.g3 Ne6 28.Ra5 Rec8 29.Bd2 Bf6
30.Rea1 Bg5 31.Ne3 Nc7 32.h4 Bxe3 33.Bxe3 h5 34.c4 Rab8 35.c5 d5 36.c6 d4
37.Bg5 Rb6 38.Rxe5 Rxc6 39.Bd2 Nb5 40.Rg5+ Kf8 41.Rxh5 Nd6 42.Rh8+ Kg7 43.Rxc8 Rxc8
44.Bf4 Nxe4 45.Be5+ f6 46.Bxd4 Rc4 47.Be3 Rxb4 48.Rxa6 Nc3 49.Rd6 Kg6 50.Kg2 Rc4
51.f3 Nb5 52.h5+ Kf7 53.Rd5 Na3 54.g4 Nc2 55.Bf2 Ra4 56.Rd2 Rc4 57.Kg3 Rc7
58.f4 Rc3+ 59.Kh4 Rc4 60.f5 Rc7 61.h6 Kg8 62.Bg3 Rc4 63.Kh5  1-0

[Event "Las Palmas-B"]
[Site "Las Palmas"]
[Date "1994.??.??"]
[Round "7"]
[White "Villavicencio, Adalberto"]
[Black "Polgar, Sofia"]
[Result "1/2-1/2"]
[WhiteElo "2360"]
[BlackElo "2450"]

1.e4 e5 2.Nf3 Nc6 3.Bb5 a6 4.Ba4 Nf6 5.O-O Nxe4 6.d4 b5 7.Bb3 d5 8.a4 b4
9.a5 exd4 10.Nxd4 Nxd4 11.Qxd4 c6 12.Ba4 Qd6 13.Bf4 Qxf4 14.Bxc6+ Bd7 15.Qxd5 O-O-O
16.Qc4 Bxc6 17.Qxc6+ Kb8 18.Qb6+ Kc8 19.Qc6+ Kb8 20.Qb6+  1/2-1/2

[Event "Las Palmas-B"]
[Site "Las Palmas"]
[Date "1994.??.??"]
[Round "8"]
[White "Polgar, Sofia"]
[Black "Sarmiento, Braulio Alfonso"]
[Result "1-0"]
[WhiteElo "2450"]
[BlackElo "2230"]

1.e4 e6 2.d4 d5 3.Nc3 Nf6 4.Bg5 Bb4 5.e5 h6 6.Bd2 Bxc3 7.bxc3 Ne4 8.Qg4 g6
9.Bd3 Nxd2 10.Kxd2 c5 11.Nf3 Nc6 12.Bb5 cxd4 13.Nxd4 Bd7 14.Bxc6 Bxc6 15.h4 Bd7
16.Qf4 Rc8 17.Rh3 Qe7 18.Rf3 Rc4 19.Qe3 Qxh4 20.Rf4 Qg5 21.g3 b6 22.Rh1 h5
23.Rhh4 Qh6 24.g4 Qg7 25.gxh5 gxh5 26.Rf6 Rh7 27.Rh3 h4 28.Qf4 Qh8 29.Qg4 Rh5
30.f4 Ke7 31.Nf3 Rf5 32.Rxh4 Qf8 33.Rxf5 exf5 34.Qg5+ Ke8 35.Qf6 Rc6 36.Rh8 Rxf6
37.Rxf8+ Kxf8 38.exf6 Be6 39.Kd3 Ke8 40.Ne5 a6 41.Kd4 a5 42.a3 Kd8 43.Nf3 Kc7
44.Ke5 Bd7 45.Nd4 Ba4 46.Kxd5 Kd7 47.c4 Kc7 48.c3 Bd7 49.Nb5+  1-0

[Event "Ljubljana op"]
[Site "Ljubljana"]
[Date "1994.??.??"]
[Round "?"]
[White "Polgar, Sofia"]
[Black "Ajdic, G."]
[Result "1-0"]
[WhiteElo "2450"]
[BlackElo "2005"]

1.e4 e5 2.Nf3 Nc6 3.Bb5 f5 4.Nc3 Nf6 5.Qe2 fxe4 6.Nxe4 d6 7.d4 Bd7 8.O-O Be7
9.dxe5 Nxe5 10.Nxe5 dxe5 11.Ng5 Bd6 12.Bc4 Rf8 13.Nxh7 Rh8 14.Qd3 e4 15.Nxf6+ Qxf6
16.Qxe4+ Kf8 17.h3 Re8 18.Qxb7 Rh5 19.Qb3 Bc6 20.Rd1 Bc5 21.Be3 Bd6 22.Bd5 Bd7
23.Bd4 Qg5 24.Qf3+ Qf5 25.Bxa7 Re5 26.c4 Ke7 27.Qxf5 Rhxf5 28.Bd4 Rg5 29.Bxe5 Bxe5  1-0

[Event "Ljubljana op"]
[Site "Ljubljana"]
[Date "1994.??.??"]
[Round "?"]
[White "Polgar, Sofia"]
[Black "Furlan, Miha"]
[Result "1-0"]
[WhiteElo "2450"]
[BlackElo "2300"]

1.e4 e6 2.d4 d5 3.Nc3 Nf6 4.Bg5 dxe4 5.Nxe4 Be7 6.Bxf6 Bxf6 7.Nf3 O-O 8.Qd2 b6
9.O-O-O Bb7 10.Qf4 Be7 11.Bd3 Nd7 12.h4 Qb8 13.Ne5 c5 14.Ng5 Nf6 15.c3 cxd4
16.cxd4 Bd5 17.Kb1 Qe8 18.Bc2 a5 19.Qg3 Rc8 20.Qd3 h6 21.f3 b5 22.Ng4 g6
23.Nxh6+ Kg7 24.Ng4 Nxg4 25.fxg4 Bxg2 26.Rh2 Bd5 27.Qe3 Qd8 28.Ne4 Qc7 29.Ng3 Bd6
30.Nh5+ Kh7 31.Nf6+ Kg7 32.Rf2 Rh8 33.Rdf1 Bc4 34.Nh5+ gxh5 35.Qg5+ Kf8 36.Rxf7+ Qxf7
37.Rxf7+ Kxf7 38.Bg6+  1-0

[Event "Ljubljana op"]
[Site "Ljubljana"]
[Date "1994.??.??"]
[Round "?"]
[White "Polgar, Sofia"]
[Black "Misanovic, Vesna"]
[Result "1/2-1/2"]
[WhiteElo "2450"]
[BlackElo "2340"]

1.e4 e5 2.Nf3 Nc6 3.Bb5 Bb4 4.O-O Nge7 5.d4 exd4 6.Nxd4 O-O 7.Bg5 f6 8.Be3 d5
9.c3 Ba5 10.Bxc6 bxc6 11.Qa4 Bb6 12.Nxc6 Nxc6 13.Bxb6 Bb7 14.Be3 Ne5 15.Rd1 Nc4
16.Qb3 Bc6 17.exd5 Bxd5 18.Qc2 Re8 19.Nd2 Nxe3 20.fxe3 Qe7 21.Nf1 Bc4 22.Qf2 Bxf1
23.Kxf1 Qxe3 24.Qxe3 Rxe3 25.Rd7 Rb8 26.b3 Rxc3 27.Re1 Kh8 28.Ree7 Rc1+ 29.Kf2 Rc2+
30.Kf3 Rxa2 31.Rxg7 Rxb3+ 32.Kf4 Rf2+ 33.Ke4 Re2+ 34.Kf5 Rb5+ 35.Kf4 h5 36.Rh7+ Kg8
37.Rdg7+ Kf8 38.Rxc7 Kg8 39.Rcg7+ Kf8 40.Rxa7 Kg8 41.Rhc7 Rbe5 42.Rc8+ Re8
43.Rxe8+ Rxe8 44.Ra5 Re2 45.Kf3 Rb2 46.Rxh5 Rb3+ 47.Kf4 Rb4+ 48.Kg3 Rb3+
49.Kh4 Rb4+ 50.Kh3 Rb3+ 51.g3 Kg7 52.Rf5 Kg6 53.Rf2 f5 54.Kg2 Ra3 55.h4 Rb3
56.Rf3 Rb2+ 57.Kh3 Ra2 58.Rc3 Ra6 59.Rc8 Rb6 60.Ra8 Rc6 61.Rg8+ Kf7 62.Rh8 Kg7
63.Rd8 Rg6 64.Rd4 Ra6 65.Kg2 Rb6 66.Kf3 Ra6 67.Kf4 Kf6 68.Rb4 Kg6 69.Rc4 Kf6
70.Rd4 Rb6 71.Ra4 Kg6  1/2-1/2

[Event "Ljubljana op"]
[Site "Ljubljana"]
[Date "1994.??.??"]
[Round "?"]
[White "Podlesnik, Bogdan"]
[Black "Polgar, Sofia"]
[Result "1/2-1/2"]
[WhiteElo "2400"]
[BlackElo "2450"]

1.e4 e5 2.Nf3 Nc6 3.Nc3 Nf6 4.Bb5 Nd4 5.Bc4 c6 6.Nxe5 d5 7.exd5 Bd6 8.Nf3 Nxf3+
9.Qxf3 O-O 10.h3 Re8+ 11.Be2 cxd5 12.d4 Qb6 13.O-O Bb8 14.Bb5 Rd8 15.Bf4 Qxd4
16.Bxb8 Rxb8 17.Bd3 Be6 18.Rab1 Qb6 19.Rfe1  1/2-1/2

[Event "Ljubljana op"]
[Site "Ljubljana"]
[Date "1994.??.??"]
[Round "?"]
[White "Polgar, Sofia"]
[Black "Ryskin, Alexander"]
[Result "1/2-1/2"]
[WhiteElo "2450"]
[BlackElo "2500"]

1.e4 c5 2.Nf3 d6 3.d4 cxd4 4.Nxd4 Nf6 5.Nc3 Nc6 6.Bg5 e6 7.Qd2 a6 8.O-O-O Bd7
9.f4 h6 10.Bh4 g5 11.fxg5 Ng4 12.Be2 Nge5 13.Nxc6 Bxc6 14.g3 Ng6 15.Kb1 Be7
16.gxh6 Nxh4 17.gxh4 Bf8 18.h5 Qf6 19.Qe3 Bxh6 20.Qb6 Qe5 21.Qc7 Bg5 22.Rhf1 Be7
23.Rf2 Rd8 24.Rdf1 Rd7 25.Qc8+ Rd8 26.Qc7 Rd7 27.Qc8+ Rd8 28.Qc7  1/2-1/2

[Event "Ljubljana op"]
[Site "Ljubljana"]
[Date "1994.??.??"]
[Round "?"]
[White "Polgar, Sofia"]
[Black "Safranska, Anda"]
[Result "1-0"]
[WhiteElo "2450"]
[BlackElo "2345"]

1.e4 d6 2.d4 Nf6 3.Nc3 g6 4.f4 Bg7 5.Nf3 O-O 6.Bd3 c6 7.O-O Na6 8.a3 b6 9.Qe1 Bb7
10.f5 c5 11.fxg6 hxg6 12.d5 Nc7 13.Qh4 Qd7 14.h3 Nh7 15.Bh6 e6 16.dxe6 Qxe6
17.Bxg7 Kxg7 18.Rae1 Rae8 19.Qg3 Kh8 20.e5 d5 21.Ng5 Qe7 22.Nxh7 Kxh7 23.Rf6 Ne6
24.Bxg6+ fxg6 25.Qxg6+ Kh8 26.Qh5+ Kg8 27.Rh6  1-0

[Event "Ljubljana op"]
[Site "Ljubljana"]
[Date "1994.??.??"]
[Round "?"]
[White "Ivacic, Vladimir"]
[Black "Polgar, Sofia"]
[Result "1/2-1/2"]
[WhiteElo "2305"]
[BlackElo "2450"]

1.c4 e5 2.Nc3 Bb4 3.g3 Bxc3 4.dxc3 d6 5.Bg2 f5 6.Nf3 Nf6 7.O-O O-O 8.Qb3 Kh8
9.Bg5 h6 10.Bxf6 Qxf6 11.Rad1 Nc6 12.Ne1 e4 13.f3 exf3 14.Nxf3 Qe6 15.Rf2 Qe3
16.Rd3 Qe8 17.c5 dxc5 18.Qd5 Qe7 19.Nh4 Kh7 20.Nxf5 Bxf5 21.Rxf5 Qxe2 22.Rxf8 Rxf8
23.Qe4+ Qxe4 24.Bxe4+ Kh8 25.Rd7 Re8 26.Bxc6 bxc6 27.Rxc7  1/2-1/2

[Event "Ljubljana op"]
[Site "Ljubljana"]
[Date "1994.??.??"]
[Round "?"]
[White "Marinsek, Tomaz"]
[Black "Polgar, Sofia"]
[Result "0-1"]
[WhiteElo "2185"]
[BlackElo "2450"]

1.d4 Nf6 2.Nf3 c5 3.c3 d5 4.Bf4 Qb6 5.Qc1 Nc6 6.e3 g6 7.h3 Bg7 8.Nbd2 O-O
9.Be2 Bf5 10.O-O Rac8 11.Ne5 Nd7 12.Nxc6 Qxc6 13.Nf3 b5 14.Qd2 c4 15.Bh2 f6
16.Rad1 Nb6 17.Rc1 Rfe8 18.Nh4 Bd7 19.f4 a5 20.g4 e5 21.Bf3 e4 22.Bd1 Bf8
23.a3 b4 24.axb4 axb4 25.Ra1 Ra8 26.Bc2 Qb5 27.Rfb1 b3 28.Bd1 Ra4 29.Ng2 Rea8
30.Qc1 Rxa1 31.Rxa1 Rxa1 32.Qxa1 Qa4  0-1

[Event "Wch U20"]
[Site "Matinhos"]
[Date "1994.??.??"]
[Round "?"]
[White "Oratovsky, Michael"]
[Black "Polgar, Sofia"]
[Result "1-0"]
[WhiteElo "2485"]
[BlackElo "2450"]

1.e4 e5 2.Nf3 Nc6 3.Bc4 Bc5 4.c3 Nf6 5.d3 d6 6.Nbd2 a6 7.Bb3 O-O 8.h3 h6
9.Nf1 d5 10.Qe2 Be6 11.Ng3 Qd7 12.O-O Rfe8 13.exd5 Bxd5 14.Ne4 Be7 15.Bc2 Be6
16.Ng3 Bd6 17.Re1 Nd5 18.Qd1 f5 19.Bb3 Qf7 20.Nh4 f4 21.Ne4 Be7 22.Nf3 Rad8
23.Qe2 Kh8 24.Bd2 Qg6 25.Kh2 Qh5 26.Rad1 g5 27.Nd4 Qxe2 28.Nxe2 Rd7 29.Ng1 h5
30.Nf3 g4 31.Neg5 Bxg5 32.Nxg5 Bg8 33.d4 Rde7 34.dxe5 Rxe5 35.c4 Nf6 36.Bc3 g3+
37.fxg3 fxg3+ 38.Kxg3 Rxg5+ 39.Kf4 Rg7 40.Rxe8 Nxe8 41.Re1 Bf7 42.c5 Kh7
43.Bxg7 Kxg7 44.Bxf7 Kxf7 45.Kg5 Nd4 46.Kxh5 Ne6 47.Kh6 Nxc5 48.g4 Nd3 49.Re3 Nxb2
50.g5 Nd6 51.Kh7 Nbc4 52.g6+ Kf6 53.Rf3+ Ke5 54.g7 Ke4 55.Rf8  1-0

[Event "Wch U20"]
[Site "Matinhos"]
[Date "1994.??.??"]
[Round "?"]
[White "Riegler, Primoz"]
[Black "Polgar, Sofia"]
[Result "0-1"]
[WhiteElo "2270"]
[BlackElo "2450"]

1.e4 c5 2.Nf3 Nc6 3.d4 cxd4 4.Nxd4 Nf6 5.Nc3 d6 6.Bc4 Qb6 7.Nb3 e6 8.O-O a6
9.Be3 Qc7 10.f4 Be7 11.Bd3 b5 12.Qf3 O-O 13.Rae1 Nd7 14.g4 Bb7 15.g5 Nb4
16.Qh3 Nxd3 17.cxd3 b4 18.Nd1 Nc5 19.f5 exf5 20.exf5 Qd7 21.Nf2 Nxb3 22.axb3 Rac8
23.Re2 Rfe8 24.Rfe1 Bd8 25.Ng4 Qc6 26.Kf2 Qd5 27.Rg1 Qxf5+ 28.Ke1 Qxd3 29.Nf6+ Bxf6
30.gxf6 Rc1+  0-1

[Event "Wch U20"]
[Site "Matinhos"]
[Date "1994.??.??"]
[Round "?"]
[White "Polgar, Sofia"]
[Black "Szuhanek, Ranko"]
[Result "1-0"]
[WhiteElo "2450"]
[BlackElo "2325"]

1.e4 c5 2.Nf3 d6 3.d4 cxd4 4.Nxd4 Nf6 5.Nc3 a6 6.f4 g6 7.Nf3 Qc7 8.e5 dxe5
9.fxe5 Ng4 10.Nd5 Qd8 11.h3 e6 12.Nc3 Qxd1+ 13.Nxd1 Nh6 14.g4 b5 15.Be2 Bb7
16.O-O Nd7 17.Bf4 Bg7 18.a4 bxa4 19.Rxa4 Ng8 20.Ne3 Ne7 21.Nc4 O-O 22.g5 Nd5
23.Bh2 Bc6 24.Ra5 Bb5 25.Re1 Rfc8 26.Nd6 Bxe2 27.Rxe2 Rc5 28.Rxc5 Nxc5 29.Nd2 h6
30.h4 hxg5 31.hxg5 Rb8 32.b3 Ne7 33.Re1 Nf5 34.N2e4 Nxe4 35.Rxe4 Rb6 36.Rc4 Bf8
37.Rc8 Nd4 38.Kf2 Rc6 39.Rxc6 Nxc6 40.Ke3 Be7 41.Ne4 Kf8 42.c3 Ke8 43.Kd3 Kd7
44.b4 Nb8 45.Bf4 Kc6 46.Nf2 Kd7 47.Kc4 Nc6 48.Ne4 Kc7 49.Bh2 Kd7 50.Nc5+ Bxc5
51.Kxc5 Kc7 52.c4 Ne7 53.Bg1 Nc8 54.b5 axb5 55.cxb5 Nb6 56.Bd4 Nd5 57.Bb2 Nb6
58.Bc3 Nd7+ 59.Kb4 Nb6 60.Bd4 Nd5+ 61.Ka5 Kb7 62.b6 Kc6 63.Ka6 Nxb6 64.Bxb6 Kd5
65.Bc7 Ke4 66.Kb5 Kf5 67.Kc6 Kxg5 68.Kd7 Kh6 69.Ke8 Kg7 70.Bd8  1-0

[Event "Wch U20"]
[Site "Matinhos"]
[Date "1994.??.??"]
[Round "?"]
[White "Polgar, Sofia"]
[Black "Spangenberg, Hugo"]
[Result "1/2-1/2"]
[WhiteElo "2450"]
[BlackElo "2510"]

1.e4 c5 2.Nf3 e6 3.d4 cxd4 4.Nxd4 a6 5.Bd3 Bc5 6.Nb3 Ba7 7.Nc3 Nc6 8.Qe2 d6
9.Be3 Bxe3 10.Qxe3 Nf6 11.O-O e5 12.Rad1 Be6 13.Be2 Qc7 14.Rd2 O-O 15.f4 exf4
16.Qxf4 Bxb3 17.axb3 Ne5 18.Rfd1 Rad8 19.Kh1 Rfe8 20.Rd4 b5 21.Qd2 Re6 22.Nd5 Nxd5
23.Rxd5 Qe7 24.Qe1 Nd7 25.Bf3 Nf6 26.R5d4 Re8 27.c4 g6 28.h3 Rb8 29.Qb4 Rb6
30.Qa5 Qc7 31.cxb5 axb5 32.Qc3 Qe7 33.Qa5 Rb8 34.Qb4 Rb6 35.Qa5 Qc7 36.Qc3 Qb8
37.Qb4 Kg7 38.e5 Rxe5 39.Rxd6 Rxd6 40.Qxd6 Qxd6 41.Rxd6 Re3 42.b4 Rb3 43.Rd4 Ne8
44.Bc6 Nc7 45.Rd7 Ne6 46.Bd5 Re3 47.Rb7 Re5 48.Bxe6 Rxe6 49.Rxb5 Re2 50.b3  1/2-1/2

[Event "Wch U20"]
[Site "Matinhos"]
[Date "1994.??.??"]
[Round "?"]
[White "Polgar, Sofia"]
[Black "Iordachescu, Viorel"]
[Result "1/2-1/2"]
[WhiteElo "2450"]
[BlackElo "2450"]

1.e4 g6 2.d4 Bg7 3.Nc3 c6 4.Be3 d5 5.f3 dxe4 6.fxe4 e5 7.d5 Nf6 8.dxc6 Qxd1+
9.Rxd1 Nxc6 10.Nb5 O-O 11.Bc5 Nxe4 12.Bxf8 Bxf8 13.Bd3 Nc5 14.Bc4 Bf5 15.Nd6 Bxc2
16.Rd2 Bxd6 17.Rxd6 e4 18.Ne2 Bd3 19.Bd5 Bxe2 20.Bxc6 Ba6 21.Bd5 Re8 22.Kd2 e3+
23.Kc3 e2 24.Re1 Nd3 25.Bxf7+ Kxf7 26.Rxd3 Bxd3 27.Kxd3 Kf6 28.Rxe2 Rxe2
29.Kxe2 Ke5 30.Ke3 g5 31.g4 Kd5 32.Kd3 a6 33.a3 b6 34.b3 Ke5 35.Ke3 a5 36.a4 Kd5
37.Kd3 Kc5 38.Kc3 b5 39.axb5 Kxb5 40.Kb2 Kc6  1/2-1/2

[Event "Wch U20"]
[Site "Matinhos"]
[Date "1994.??.??"]
[Round "?"]
[White "Polgar, Sofia"]
[Black "Georgiev, Vladimir"]
[Result "0-1"]
[WhiteElo "2450"]
[BlackElo "2430"]

1.e4 c5 2.Nf3 Nc6 3.d4 cxd4 4.Nxd4 g6 5.Nc3 Bg7 6.Nde2 Nf6 7.g3 b5 8.Bg2 Rb8
9.O-O O-O 10.Nd5 d6 11.h3 Nd7 12.c3 e6 13.Nb4 Nxb4 14.cxb4 Nb6 15.Rb1 Bb7
16.Be3 Qd7 17.Qd3 Rbd8 18.Rfd1 Nc4 19.Bd4 e5 20.Be3 f5 21.Bg5 fxe4 22.Bxe4 Bxe4
23.Qxe4 Rc8 24.b3 Nb6 25.Be3 d5 26.Bxb6 dxe4 27.Rxd7 axb6 28.Rc1 Rxc1+ 29.Nxc1 e3
30.fxe3 Bh6 31.Rd3 e4 32.Rc3 Rf3 33.Kg2 Bxe3 34.g4 Rf2+ 35.Kg3 Bd4 36.a4 e3
37.Rc8+ Kf7 38.Nd3 Rd2 39.Ne1 Rd1 40.Nf3 e2 41.Rc7+ Ke8 42.Rc8+ Ke7 43.Rc7+ Kd6
44.Rc8 Be3 45.Re8 Rg1+  0-1

[Event "Mlada Boleslav op"]
[Site "Mlada Boleslav"]
[Date "1994.??.??"]
[Round "1"]
[White "Polgar, Sofia"]
[Black "Buchnicek, Petr"]
[Result "1-0"]
[WhiteElo "2450"]
[BlackElo "2175"]

1.e4 c6 2.d4 d5 3.Nc3 dxe4 4.Nxe4 Bf5 5.Ng3 Bg6 6.Nf3 Nd7 7.h4 h6 8.h5 Bh7
9.Bd3 Bxd3 10.Qxd3 Qc7 11.Bd2 e6 12.O-O-O O-O-O 13.Ne4 Ngf6 14.g3 Nxe4 15.Qxe4 Bd6
16.c4 c5 17.d5 Nf6 18.Qc2 exd5 19.cxd5 Rhe8 20.Bc3 Ng4 21.Rhe1 Qd7 22.Nh4 f6
23.Nf5 Be5 24.f3 Nf2 25.Bxe5 fxe5 26.Rd2 Nh3 27.d6 Ng5 28.Re3 Kb8 29.Rd5 Nf7
30.Nxg7 Rg8 31.Nf5 b6 32.g4 Qe6 33.Ne7 Rg7 34.Nc6+ Ka8 35.Qe4 Ng5 36.Nxd8  1-0